| 000 | 00432nam a22001817a 4500 | ||
|---|---|---|---|
| 003 | NUST | ||
| 020 | _a9788131734483 | ||
| 038 | _akhadija | ||
| 082 |
_a621.3815 _bFLY |
||
| 100 |
_aFloyd, Thomas L. _910192 |
||
| 245 |
_aDigital Fundamentals / _cThomas L. Floyd |
||
| 250 | _a10th ed. | ||
| 260 |
_aNew Delhi: _bPearson, _c2011. |
||
| 300 |
_a659 p. ; _b27 cm. |
||
| 500 | _aPaperback. | ||
| 563 | _apaper back | ||
| 942 |
_cBK _2ddc |
||
| 999 |
_c32781 _d32781 |
||